• 首页
  • 本馆介绍
  • 公告通知
  • 最新文献
  • 馆藏检索
  • 电子资源
  • 读者导购
  • 参考咨询
  • 我的图书馆
  • 登录
  • 详细信息显示
  • 放入我的书架
  • 预约/预借图书
  • 作者相关作品
  • 分类相关作品
  • 丛书相关作品
  • 出版社相关作品

书目信息

  • 表格格式
  • 工作单格式
  • 卡片格式
题名:
环境中有害因素与人体健康
    
 
作者: 常元勋 编写
分册:  
出版信息: 北京   化学工业出版社  2000.05
页数: 121页
开本: 32开
丛书名: 生活环境中有害因素防护丛书
单 册:
中图分类: X503.1
科图分类:
主题词: 有害物质中毒--防护 , 环境污染--污染防治
电子资源:
ISBN: 7-5025-2794-X
000 00719nam0 2200229 45
001 0111191443
005 20031219104051.6
010    @a7-5025-2794-X@dCNY8.00
100    @a20011119d2000 km y0chiy0120 ea
101 0  @achi
105    @a z 000yy
200 1  @a环境中有害因素与人体健康@AHuan Jing Zhong You Hai Yin Su Yu Ren Ti Jian Kang@f常元勋编写@FChang Yuan Xun Bian Xie
210    @a北京@c化学工业出版社@d2000.05
215    @a121页@d32开
225    @a生活环境中有害因素防护丛书
410    @12001 @a生活环境中有害因素防护丛书
606 0  @a有害物质中毒@x防护
606 0  @a环境污染@x污染防治
690    @aX503.1@v4
701    @a常元勋@4编写
801    @aCN@bTSTC@c20011119
905    @f6@b300905-910@dX503.1@e18
    
    环境中有害因素与人体健康/常元勋编写.-北京:化学工业出版社,2000.05
    121页;32开.-(生活环境中有害因素防护丛书)
    
    
    ISBN 7-5025-2794-X:CNY8.00
    
●
相关链接 在E读中查询图书 在五车中查询图书 在当当中查询图书 在豆瓣中查询图书


正题名:环境中有害因素与人体健康     索取号:X503.1/18         预约/预借

序号 登录号 条形码 馆藏地/架位号 状态 备注
1 0300905   203009056   第三借阅区/ [索取号:X503.1/18] 在馆    
2 0300906   203009065   第三借阅区/ [索取号:X503.1/18] 在馆    
3 0300907   203009074   第三借阅区/ [索取号:X503.1/18] 在馆    
4 0300908   203009083   第三借阅区/ [索取号:X503.1/18] 在馆    
5 0300909   203009092   第三借阅区/ [索取号:X503.1/18] 在馆    
6 0300910   203009109   第二样本阅览室/ [索取号:X503.1/18] 在馆    
唐山师范学院图书馆 欢迎您!
大连网信软件有限公司© 版权所有